| 000 | 00891nam a2200217 i 4500 | ||
|---|---|---|---|
| 001 | bg | ||
| 100 | 1 | _aCZARNY, Ryszard | |
| 245 | 0 |
_aBadania zjawisk związanych z przepływem smarów plastycznych w układach smarowniczych / _cRyszard Czarny. |
|
| 260 |
_aWrocław : _bWydaw. PW, _c1992. |
||
| 300 |
_a143, [3] s. : _brys., wykr. ; _c24 cm. |
||
| 490 | 1 |
_aPrace Naukowe Instytutu Konstrukcji i Eksploatacji Maszyn Politechniki Wrocławskiej. Monografie, _x0324-962X ; _v20 |
|
| 500 | _aNumeracja ser. gł. : 69. | ||
| 504 | _aBibliogr. s. 131-141. | ||
| 710 | _aPOLITECHNIKA WROCŁAWSKA (Wrocław). Instytut Konstrukcji i Eksploatacji Maszyn | ||
| 830 | 0 |
_aPrace Naukowe Instytutu Konstrukcji i Eksploatacji Maszyn Politechniki Wrocławskiej. _pMonografie ; _v20 |
|
| 040 | _cBPK | ||
| 041 | _apol | ||
| 080 | _a621.89:532 | ||
| 942 | _cKS | ||
| 008 | s pl f |000 0 pol | ||
| 999 |
_c30073 _d30073 |
||
| 856 |
_uhttp://koha.tu.koszalin.pl/cgi-bin/koha/opac-detail.pl?biblionumber=30073 _yKatalog online BPK |
||